00402cam a2200169ua 45000010005000000080039000050400009000440410008000530820011000611000024000722450051000962500009001472600031001563000010001876530012001976530023002097558141212n ii |||gr||||Z||||||asm cMAIN aasm a577.34 aDatta, S.,eAuthor.1 aDihing patkai abhayaryanacBy Soumyadeep Datta a1st. aGuwahati:bBhabani,c2014. a176p. aEcology aWildlife sanctuary